Pengenalan Hasil Hutan dan Sains Kayu

Bibliographic Details
Main Author: Haygreen, John G., , 1930-
Other Authors: Sheikh Abdul Karim Yamani Zakaria, Suhaimi Muhammed
Format: Book
Published: Kuala Lumpur : : Universiti Teknology MARA , 2003
Subjects:

MARC

LEADER 00000cam a2200000 7i4500
001 0000003136
005 20050216.0
020 0 0 |a 967-958-147-0 
090 0 0 |a 674   |b UiTM 
100 1 1 |a Haygreen, John G., ,   |d 1930- 
245 0 0 |a Pengenalan Hasil Hutan dan Sains Kayu   |c Penterjemah Suhaimi Muhammad, Sheikh Abdul Karim Yamani Zakaria 
260 0 0 |a Kuala Lumpur : :   |b Universiti Teknology MARA ,   |c 2003 
300 |a xix, 605 p.; :   |b ill., map ; ;   |c 2003. 
650 0 0 |a Forest - wood 
700 1 1 |a Sheikh Abdul Karim Yamani Zakaria 
700 1 1 |a Suhaimi Muhammed 
999 |a 0000005593   |b Monograph   |c Open Shelf   |e Default branch